00357 a2200109 4500001001000000005001700010008004100027245006400068100003500132773006300167999001700230ART_3061820260410162003.0260409a 10aIndicadores técnicos aplicados a entidades reaseguradoras1 aRodríguez, María Alejandra0 tForo económicog- Año III, Nº 4 (mayo 1997)wREV30369 c31422d31422